000 00470nam a2200193Ia 4500
005 20250423100745.0
008 250422s9999 xx 000 0 und d
020 _a9781118914779
050 _aRC 78.7.C46/
100 _aChowdhury, Rajat...[et al.].
245 0 _aRadiology at a glance
250 _a2nd ed.
260 _aUnited Kingdom
260 _bJohn Wiley & Sons Ltd.
260 _c2018
300 _a135 p
650 _aDiagnostic Imaging
942 _cBK
999 _c34250
_d34250